00417pab a2200145 454500008004000000100002200040245006900062260000900131300001400140362000800154650003500162650001300197700002200210773003900232180718b2002 xxu||||| |||| 00| 0 eng d aGhosh, Amal Kumar aLanduse pattern in Bankura district - a factor analysis approach c2002 ap.98-102. aJun aLand use - India - West Bengal aLand use aKhan, Dilip Kumar aIndian Journal of Regional Science